| 000 | 00372nam a2200133Ia 4500 | ||
|---|---|---|---|
| 008 | 250520s9999 xx 000 0 und d | ||
| 020 | _a9780720614831 | ||
| 100 | _aSINGH, PATWANT | ||
| 245 | 0 | _aEMPIRE OF THE SIKHS THE LIFE AND TIMES OF MAHARAJA RANJIT SINGH VOL-3 | |
| 260 |
_bPETER OWEN PUBLISHERS, LONDON _c2013 |
||
| 300 | _a319 | ||
| 650 | _aGeneral | ||
| 942 | _cBK | ||
| 999 |
_c221262 _d221262 |
||